000 00999nam a22003017a 4500
001 7770
003 FISKH
005 20250805143130.0
008 250805b cb ||||| |||| 00| 0 eng d
020 _a0439221382
040 _aFISKH
_beng
_cFISKH
_dFISKH
050 _aPZ8.S759 N
082 _a326
100 _aSpinelli, Eileen
245 _aNight shift daddy /
_cBy Eileen Spinelli and Melissa Iwai
250 _aFirst scholastic printing, April 2001
260 _aNew York :
_bScholastic ,
_c2000.
300 _a32 unnumbered pages :
_bcolor illustrations ;
_c21 X 21 cm .
505 _aE
520 _aA father shares dinner and bedtime rituals with his daughter before going out to work the night shift.
521 8 _a200
_bLexile estimate
521 8 _aE
_bRaz-Plus
650 _aBibliotherapy
_vJuvenile Literature
650 _aPersonality Development
_vJuvenile Literature
700 _aIwai, Melissa
_eIllustrator
942 _2ddc
_cBK
_n0
999 _c7770
_d7770